| 000 | 00791nam a2200229Ii 4500 | ||
|---|---|---|---|
| 003 | JO-AjNU | ||
| 008 | 230605s9999||||xx |||||||||||||| ||und|| | ||
| 017 | _a2000/8189 | ||
| 020 | _a6-977-261-736 | ||
| 040 |
_aJO-AjNU _bara _erda _cJO-AjNU |
||
| 041 | _aara | ||
| 050 | 1 | 4 | _aTD878.S2522 2000 |
| 100 | 3 |
_aتاليف عبد الباري، السيد عبد النور , _eauthor _939661 |
|
| 245 | 0 | 0 | _aتلوث البيئة الارض والنبات =Environmental Pollution soil and plant |
| 250 | _aط1 | ||
| 264 | 3 | 1 | _aمصر:دار النشر للجامعات، 2000 |
| 300 | _a176ص | ||
| 336 |
_atext _btxt _2rdacontent |
||
| 337 |
_aunmediated _bn _2rdamedia |
||
| 338 |
_avolume _bnc _2rdacarrier |
||
| 650 | 4 |
_aالتربة-تلوث-تلوث البئة-مكافحة _939662 |
|
| 999 |
_aA16769 _c20337 _d20337 |
||